|
|
|
|
| LEADER |
00000cam a2200000 7i4500 |
| 001 |
0000005173 |
| 005 |
20151222.0 |
| 008 |
070802 |
| 020 |
|
|
|a 0861638808
|
| 090 |
0 |
0 |
|a DIC
|b ENG (5458)
|
| 245 |
1 |
0 |
|a My own picture dictionary
|c Illustrated by Peter Adby & Alan Fredman
|
| 260 |
|
|
|a England :
|b Award Publication ,
|c 2003
|
| 500 |
|
|
|a Children ages 7-9 years old (orange)
|
| 650 |
|
0 |
|a English
|x Dictionary
|
| 700 |
1 |
|
|a Adby,Peter
|
| 700 |
1 |
|
|a Fredman,Alan
|
| 999 |
|
|
|a 0000970758
|b Book
|c REFERENCE
|e Cawangan Kota Tinggi
|
| 999 |
|
|
|a 0000970759
|b Book
|c REFERENCE
|e Perbadanan Perpustakaan Awam Johor
|
| 999 |
|
|
|a 0000974535
|b Book
|c REFERENCE
|e Cawangan Taman Universiti
|
| 999 |
|
|
|a 000970759
|b Book
|c REFERENCE
|e Cawangan Sri Merlong
|